Airlines in Southeast Asia - Statistics

General Stats
  • This quiz has been taken 23 times
  • The average score is 22 of 44
Answer Stats
Airline % Correct
AirAsia
94%
Indonesia AirAsia
94%
Philippines AirAsia
94%
Thai AirAsia
94%
Garuda Indonesia
89%
Lion Air
89%
Royal Brunei Airlines
89%
Singapore Airlines
89%
Thai Lion Air
89%
Myanmar Airways International
83%
Thai Airways
83%
Malaysia Airlines
78%
Scoot
78%
Vietnam Airlines
67%
Batik Air Indonesia
61%
Batik Air Malaysia
61%
Cebu Pacific
61%
Bangkok Airways
56%
Philippines Airlines
56%
Thai VietJet Air
56%
VietJet Air
56%
Sriwijaya Air
39%
TransNusa
39%
AirAsia X
33%
Bamboo Airways
33%
Firefly
33%
Lao Airlines
33%
Nok Air
33%
Super Air Jet
33%
Thai AirAsia X
33%
Cambodia Airways
28%
Citilink
28%
Pelita Air
28%
Vietravel Airlines
28%
Aero Dili
22%
Nam Air
22%
Sky Angkor Airlines
22%
Air Cambodia
17%
Sun PhuQuoc Airways
17%
Wings Air
17%
Air KBZ
11%
Air Thanlwin
11%
MasWings
11%
Myanmar National Airlines
11%
No matching quizzes found
Score Distribution
Percent of People with Each Score
Percentile by Number Answered
Your Score History
You have not taken this quiz